| 000 | 00515nam a2200217Ia 4500 | ||
|---|---|---|---|
| 003 | OSt | ||
| 005 | 20140314145339.0 | ||
| 008 | 140130s9999 xx 000 0 und d | ||
| 020 | _a9780531262276 | ||
| 050 |
_aRA 1213 _b.P76 2007 |
||
| 100 | _aProkos, Anna | ||
| 245 |
_aKiller wallpaper / _cAnna Prokos. |
||
| 260 |
_bScholastic, _c2007. _aNew York : |
||
| 300 |
_a64 p. : _bcol. ill. ; _c24 cm. |
||
| 440 | _v1 | ||
| 521 | _aG4 | ||
| 526 | _c670 | ||
| 942 |
_cBK _2lcc |
||
| 999 |
_c40932 _d40932 |
||